000 01028nam a2200277Ia 4500
003 OSt
005 20221005111123.0
006 a|||||r|||| 00| 0
007 ta
008 221004b |||||||| |||| 00| 0 ben d
020 _a8181431286 (hbk)
_c395
024 _a11908
037 _b344, 20/03/2014, Vani Prakashan
_cTextual
040 _aCRL
_cCRL
_bben
041 _2ben
_aben
082 _aO157,3N26x, 152P4
100 _aमहाश्वेता देवी
245 0 _aआदिवासी कथा
246 _aĀdivāsī kathā
260 _aनई दिल्ली
_bवाणी प्रकाशन भारत
_c2008
300 _a334पृ0
_ccm.
650 _aबंगाली साहित्य
700 _a गुप्ता, सुशील, अनु.
942 _hO157,3N26x, 152P4
_cTEXL
_2cc
999 _c1020877
_d1020877